Cérémonie de clôture des Jeux olympiques de Paris 2024 en images - Statistiques

Statistiques générales
  • Ce quiz a été pris 346 fois
  • Le résultat moyen est 14 sur 18
Statistiques - réponses
Par images Hint Réponse % Correct
Pays Grèce
98%
Athlète Léon Marchand
98%
Ville Los Angeles
98%
Stade Stade de France
97%
Chanteuse Angèle
94%
Acteur Tom Cruise
90%
Quartier Hollywood
89%
Femme politique Anne Hidalgo
86%
Athlètes Pauline Ferrand-Prévot | Antoine Dupont
85%
Animateur Denis Brogniart
84%
Jardin Tuileries
77%
Athlète Simone Biles
74%
Chanteuse Billie Eilish
71%
Epreuve Marathon
66%
Metteur en scène Thomas Jolly
56%
Groupe Red Hot Chili Peppers
41%
DJ Kavinsky
39%
Chanson My Way
23%
Aucun quiz correspondant
Distribution des résultats
% des personnes avec chaque résultat
Percentile par nombre de réponses
Votre historique - résultats
Vous n’avez pas pris ce quiz